| 000 | 00653nam a2200217Ia 4500 | ||
|---|---|---|---|
| 008 | 191130s2004##################000#0#eng## | ||
| 020 | _a9783631507445 | ||
| 040 |
_aACL _cACL |
||
| 082 | _a307.76094 ECK | ||
| 100 | _aEckardt, Frank | ||
| 245 |
_aUrbanism and globalization _cFrank Eckardt/Dieter Hassenpflug (eds.) |
||
| 260 |
_aBern _bPeter Lang _c2004 |
||
| 300 | _a354 p. : ill., maps ; 21 cm | ||
| 650 | _aCities and towns -- Europe | ||
| 650 | _aCity planning -- Europe | ||
| 650 | _aGlobalization -- Social aspects | ||
| 700 | _aHassenpflug, Dieter | ||
| 990 | _a85605f08ac10000c4ca0a9420f41e896 | ||
| 991 | _a196886 | ||
| 999 |
_c87201 _d87201 |
||